000 00435nam a2200145Ia 4500
003 OSt
005 20260128122015.0
008 211028s2018 xx 000 0 und d
040 _cAIMIT LIBRARY
041 _aeng
100 _aRodrigues, Ancita; Wright, Rowena.
_g1616013
_97770
245 _aEmpirical study on recruitment issues at cibersites India private limited /
260 _aMangalore
_bRowena Wright
_c2018
942 _2ddc
_cPRO
999 _c219338
_d219338